[Event "9th Lost Boys op"]
[Site "Amsterdam NED"]
[Date "2001.08.19"]
[Round "9"]
[White "Wintzer, Joachim"]
[Black "Witt, Rob"]
[Result "1/2-1/2"]
[WhiteElo "2378"]
[BlackElo "2280"]
[EventDate "2001.08.10"]
[PlyCount "39"]

1.c4 c5 2.Nf3 Nc6 3.d4 cxd4 4.Nxd4 g6 5.e4 Bg7 6.Be3 Nf6 7.Nc3 d6 8.Be2 
O-O 9.O-O Bd7 10.Qd2 Nxd4 11.Bxd4 Bc6 12.Bd3 Nd7 13.Bxg7 Kxg7 14.Rae1 f6 
15.Re3 Ne5 16.Be2 e6 17.Rd1 Nf7 18.b4 b6 19.Qb2 Qc7 20.Bf1 1/2-1/2

[Event "9th Lost Boys op"]
[Site "Amsterdam NED"]
[Date "2001.08.19"]
[Round "9"]
[White "Bachofner, Andreas"]
[Black "Blees, Albert"]
[Result "1/2-1/2"]
[WhiteElo "2261"]
[BlackElo "2377"]
[EventDate "2001.08.10"]
[PlyCount "30"]

1.Nf3 Nf6 2.b3 g6 3.Bb2 Bg7 4.c4 c5 5.e3 O-O 6.Be2 Nc6 7.O-O b6 8.d3 Bb7 
9.Nbd2 d5 10.a3 e6 11.Qc2 Rc8 12.Ne5 Qe7 13.Ndf3 Rfd8 14.Rfd1 Nxe5 15.Bxe5
Ne8 1/2-1/2

[Event "9th Lost Boys op"]
[Site "Amsterdam NED"]
[Date "2001.08.19"]
[Round "9"]
[White "Smeets, Jan"]
[Black "Sinz, Bernhard"]
[Result "1/2-1/2"]
[WhiteElo "2311"]
[BlackElo "2188"]
[EventDate "2001.08.10"]
[PlyCount "93"]

1.e4 e5 2.Nf3 Nc6 3.d4 exd4 4.Nxd4 Qf6 5.Nxc6 Bc5 6.Qd2 Qxc6 7.Nc3 Ne7 8.
Bb5 Qg6 9.O-O O-O 10.Na4 Bd6 11.Bd3 f5 12.Nc3 Be5 13.exf5 Nxf5 14.Re1 d6 
15.Be4 c6 16.g3 Qh5 17.Ne2 Nh4 18.f4 Nf3+ 19.Bxf3 Qxf3 20.Nd4 Bxd4+ 21.
Qxd4 Bf5 22.Re3 Qg4 23.Bd2 d5 24.Bc3 Be4 25.Qd1 Qg6 26.Be5 Bxc2 27.Qd4 Be4
28.Rc1 b6 29.b4 Rae8 30.Rec3 Re6 31.a4 Qg4 32.Qd1 Qh3 33.Qf1 Qh6 34.Qe1 
Qh3 35.Qf1 Qh6 36.Qe1 Qg6 37.Qd2 Qh5 38.Qd1 Qh3 39.Qf1 Qh6 40.Qd1 Qg6 41.
Qd2 Qg4 42.Qd1 Qg6 43.Qd2 Rfe8 44.Qd4 Rf8 45.Qd2 Qf5 46.Bd4 Qg6 47.Be5 
1/2-1/2

[Event "9th Lost Boys op"]
[Site "Amsterdam NED"]
[Date "2001.08.19"]
[Round "9"]
[White "Giddins, Stephen"]
[Black "Ree, Hans"]
[Result "0-1"]
[WhiteElo "2286"]
[BlackElo "2421"]
[EventDate "2001.08.10"]
[PlyCount "70"]

1.Nf3 c5 2.c4 g6 3.e4 Nc6 4.d4 cxd4 5.Nxd4 Nf6 6.Nc3 d6 7.Be2 Nxd4 8.Qxd4 
Bg7 9.Be3 O-O 10.Qd2 a6 11.f3 Bd7 12.O-O Qa5 13.c5 Rfd8 14.cxd6 Be6 15.Nd5
Qxd2 16.Nxe7+ Kh8 17.Bxd2 Rxd6 18.Bc3 Nxe4 19.Bxg7+ Kxg7 20.fxe4 Re8 21.
Nxg6 hxg6 22.Rfd1 Rxd1+ 23.Bxd1 Rd8 24.Bf3 Rd2 25.b3 b5 26.e5 Rc2 27.h3 a5
28.Kh2 b4 29.Be4 Re2 30.Bd3 Rxe5 31.Rc1 Re3 32.Bb5 Rc3 33.Re1 Rc2 34.Re2 
Rxe2 35.Bxe2 Kf6 0-1

[Event "9th Lost Boys op"]
[Site "Amsterdam NED"]
[Date "2001.08.19"]
[Round "9"]
[White "Dutreeuw, Marc"]
[Black "Van Kooten, Luuk"]
[Result "1-0"]
[WhiteElo "2390"]
[BlackElo "2255"]
[EventDate "2001.08.10"]
[PlyCount "71"]

1.e4 c5 2.Nf3 d6 3.d4 cxd4 4.Nxd4 Nf6 5.Nc3 a6 6.Be3 e6 7.a4 b6 8.f3 Bb7 
9.Bc4 Qc7 10.Qe2 Nbd7 11.O-O Ne5 12.Bb3 Rc8 13.Qf2 Ned7 14.Ba2 Nc5 15.Qg3 
g6 16.Rfd1 e5 17.Nb3 Ncd7 18.Nd2 h5 19.Nc4 Bc6 20.Bg5 Nh7 21.Bd2 b5 22.
axb5 axb5 23.Ne3 Nhf6 24.Ncd5 Bxd5 25.Nxd5 Nxd5 26.Bxd5 Qb6+ 27.Kh1 Nf6 
28.Bb3 h4 29.Qe1 Be7 30.Be3 Qd8 31.Ra7 Nh5 32.Qb4 O-O 33.Qxb5 Bg5 34.Rd7 
Qf6 35.R1xd6 Ra8 36.Qf1 1-0

[Event "9th Lost Boys op"]
[Site "Amsterdam NED"]
[Date "2001.08.19"]
[Round "9"]
[White "Gohil, Harry"]
[Black "Van der Hoeven, Gert-Jan"]
[Result "1-0"]
[WhiteElo "2307"]
[BlackElo "2356"]
[EventDate "2001.08.10"]
[PlyCount "107"]

1.d4 g6 2.Bg5 Bg7 3.Nf3 c5 4.e3 Qb6 5.Nc3 h6 6.Bf4 Nf6 7.Nb5 d6 8.Nd2 O-O 
9.dxc5 Qxc5 10.Nb3 Qb6 11.Be2 a6 12.Nc3 Bd7 13.O-O Bc6 14.a4 Nbd7 15.a5 
Qc7 16.Bg3 Ne4 17.Nxe4 Bxe4 18.c3 b5 19.Nd2 Bb7 20.f3 Rac8 21.Bf2 Nc5 22.
Nb3 Ne6 23.Nd4 Nxd4 24.exd4 Bd5 25.Be3 Qb7 26.Qd2 Kh7 27.Rfe1 Rc7 28.Bd3 
f5 29.h4 Bc4 30.Bc2 Qc6 31.Rad1 Bd5 32.Bf4 b4 33.Re3 Bf6 34.h5 e6 35.hxg6+
Kxg6 36.Qf2 Rg8 37.Qg3+ Kh7 38.Qh2 Bg5 39.Kf2 Rcg7 40.g4 Kg6 41.gxf5+ exf5
42.Rde1 Qd7 43.cxb4 Kf6 44.Bxd6 Bxe3+ 45.Kxe3 Re8+ 46.Be5+ Kf7 47.Qxh6 
Rxe5+ 48.dxe5 Be6 49.Qf6+ Kg8 50.Rd1 Qa7+ 51.Kf4 Rg4+ 52.fxg4 Qf2+ 53.Kg5 
Qe3+ 54.Kg6 1-0

[Event "9th Lost Boys op"]
[Site "Amsterdam NED"]
[Date "2001.08.19"]
[Round "9"]
[White "Peek, Marcel"]
[Black "Vogt, Andreas"]
[Result "1/2-1/2"]
[WhiteElo "2345"]
[BlackElo "2250"]
[EventDate "2001.08.10"]
[PlyCount "89"]

1.d4 d5 2.c4 e6 3.Nf3 Nf6 4.Nc3 Be7 5.Bg5 O-O 6.e3 h6 7.Bxf6 Bxf6 8.Qd2 
dxc4 9.Bxc4 Nd7 10.O-O a6 11.Rfd1 Qe7 12.Rac1 b5 13.Bd3 c5 14.Ne4 c4 15.
Bb1 Bb7 16.b3 Bd5 17.Nxf6+ Nxf6 18.bxc4 Bxc4 19.Ne5 Bd5 20.Qa5 Qd6 21.Qc7 
Ne8 22.Qc2 f5 23.f3 Nf6 24.Qc5 Qxc5 25.Rxc5 Rfc8 26.Rdc1 Bb7 27.a3 Rxc5 
28.Rxc5 Rc8 29.Ba2 Nd5 30.Bxd5 exd5 31.Kf2 Kf8 32.Ke2 Ke7 33.Kd2 Kd6 34.
Nd3 Rc6 35.Kc3 a5 36.Kb3 Ba6 37.Kc3 b4+ 38.axb4 Bxd3 39.Kxd3 axb4 40.Rb5 
Rc3+ 41.Kd2 Ra3 42.Rb6+ Ke7 43.Rb7+ Kf6 44.Rb6+ Ke7 45.Rb7+ 1/2-1/2

[Event "9th Lost Boys op"]
[Site "Amsterdam NED"]
[Date "2001.08.19"]
[Round "9"]
[White "Van Delft, Merijn"]
[Black "Schuurman, Petra"]
[Result "1/2-1/2"]
[WhiteElo "2336"]
[BlackElo "2235"]
[EventDate "2001.08.10"]
[PlyCount "97"]

1.e4 c5 2.Nf3 g6 3.d4 cxd4 4.Nxd4 Bg7 5.c4 Nc6 6.Be3 Nf6 7.Nc3 d6 8.Be2 
O-O 9.O-O Bd7 10.f3 Nxd4 11.Bxd4 a5 12.b3 Bc6 13.Qd2 Nd7 14.Be3 Nc5 15.
Rab1 Qb6 16.Rfc1 Rfc8 17.Bd1 Qd8 18.Nd5 e6 19.Nf4 Bh6 20.a3 e5 21.Nd5 
Bxe3+ 22.Qxe3 Bxd5 23.exd5 Qh4 24.g3 Qd4 25.Rc3 Qxe3+ 26.Rxe3 f6 27.b4 
axb4 28.axb4 Nd7 29.Bb3 b6 30.Re2 Ra3 31.Kf2 Kg7 32.Ra2 Rca8 33.Rxa3 Rxa3 
34.Ke2 f5 35.Kd2 Kf6 36.Kc3 Ra8 37.Re1 Ra7 38.Kb2 h6 39.Bc2 Ra8 40.Re3 Ra7
41.Ra3 Rxa3 42.Kxa3 b5 43.c5 dxc5 44.bxc5 Nxc5 45.Kb4 Nb7 46.Kxb5 Nd6+ 47.
Kc5 Ke7 48.Ba4 g5 49.Kc6 1/2-1/2

[Event "9th Lost Boys op"]
[Site "Amsterdam NED"]
[Date "2001.08.19"]
[Round "9"]
[White "Wunnink, Michael"]
[Black "Pel, Bonno"]
[Result "1-0"]
[WhiteElo "2215"]
[BlackElo "2191"]
[EventDate "2001.08.10"]
[PlyCount "61"]

1.d4 d6 2.e4 Nf6 3.Nc3 g6 4.Be3 c6 5.Qd2 b5 6.f3 Nbd7 7.a4 b4 8.Nd1 a5 9.
Bd3 Ba6 10.Ne2 Bg7 11.Nf2 Qc8 12.O-O O-O 13.c3 bxc3 14.bxc3 Nb6 15.Bg5 e5 
16.f4 h6 17.fxe5 hxg5 18.exf6 Bxf6 19.Ng4 Qxg4 20.Rxf6 Nc4 21.Bxc4 Bxc4 
22.Ng3 Rad8 23.Qe3 Kg7 24.h3 Qh4 25.Rf5 f6 26.Rb1 Rb8 27.Rxb8 Rxb8 28.e5 
fxe5 29.dxe5 Re8 30.Rxg5 Kh7 31.Rg4 1-0

[Event "9th Lost Boys op"]
[Site "Amsterdam NED"]
[Date "2001.08.19"]
[Round "9"]
[White "Larsen, Karsten"]
[Black "Marechal, Andy"]
[Result "1/2-1/2"]
[WhiteElo "2300"]
[BlackElo "2371"]
[EventDate "2001.08.10"]
[PlyCount "20"]

1.Nf3 g6 2.g3 Bg7 3.Bg2 e5 4.d3 d6 5.O-O f5 6.c4 Nf6 7.Nc3 O-O 8.Rb1 a5 9.
a3 Nh5 10.Bg5 Qd7 1/2-1/2

[Event "9th Lost Boys op"]
[Site "Amsterdam NED"]
[Date "2001.08.19"]
[Round "9"]
[White "Lorscheid, Gerhard"]
[Black "Van de Vegt, Lenze"]
[Result "1-0"]
[WhiteElo "2319"]
[BlackElo "2167"]
[EventDate "2001.08.10"]
[PlyCount "69"]

1.d4 Nf6 2.c4 e6 3.Nc3 Bb4 4.Qc2 c5 5.dxc5 Na6 6.a3 Bxc3+ 7.Qxc3 Nxc5 8.f3
d6 9.e4 O-O 10.Be3 Qc7 11.Nh3 b6 12.Be2 Bb7 13.O-O Ncd7 14.Bd4 Rac8 15.
Rae1 Qb8 16.Qe3 Rfd8 17.b3 Ba8 18.Rd1 a6 19.Rd2 b5 20.cxb5 axb5 21.Rfd1 
Ne8 22.Bc3 Nc5 23.Bb4 Na6 24.Ba5 Nac7 25.Rc2 d5 26.Qb6 Bb7 27.e5 Na8 28.
Rxc8 Rxc8 29.Qd4 Bc6 30.Bd3 Bd7 31.Kf1 Nac7 32.Bxh7+ Kxh7 33.Qh4+ Kg8 34.
Qe7 Na6 35.Ng5 1-0

[Event "9th Lost Boys op"]
[Site "Amsterdam NED"]
[Date "2001.08.19"]
[Round "9"]
[White "Helvensteijn, Dennis"]
[Black "Mellegers, Joost"]
[Result "1-0"]
[WhiteElo "2191"]
[BlackElo "2308"]
[EventDate "2001.08.10"]
[PlyCount "75"]

1.e4 c5 2.c3 d5 3.exd5 Qxd5 4.d4 Nf6 5.Nf3 Bg4 6.Be2 e6 7.O-O Nc6 8.h3 Bh5
9.Be3 cxd4 10.cxd4 Be7 11.Nc3 Qd6 12.Ne5 Bxe2 13.Qxe2 O-O 14.Rfd1 Rac8 15.
Rac1 a6 16.Nc4 Qd8 17.d5 exd5 18.Nb6 Rb8 19.Ncxd5 Nxd5 20.Rxd5 Qc7 21.Nd7 
Rfe8 22.Qg4 Rbc8 23.Bb6 h5 24.Qf3 Bg5 25.Bxc7 Bxc1 26.Bf4 Bxb2 27.Be3 h4 
28.Qg4 Ne7 29.Rd2 Bc3 30.Rc2 f5 31.Qd1 b5 32.Bc5 b4 33.Re2 Ng6 34.Qd5+ Kh7
35.Qxf5 Rxe2 36.Qh5+ Kg8 37.Qxe2 Nf4 38.Qg4 1-0

[Event "9th Lost Boys op"]
[Site "Amsterdam NED"]
[Date "2001.08.19"]
[Round "9"]
[White "Kohler, Aran"]
[Black "Konings, Leon"]
[Result "0-1"]
[WhiteElo "2362"]
[BlackElo "2293"]
[EventDate "2001.08.10"]
[PlyCount "90"]

1.d4 d5 2.Nf3 e6 3.c4 c5 4.e3 a6 5.b3 Nf6 6.Nbd2 cxd4 7.exd4 b6 8.Bb2 Bb7 
9.Rc1 Nbd7 10.Bd3 Be7 11.Qe2 O-O 12.O-O dxc4 13.bxc4 b5 14.c5 Bd5 15.Bb1 
Ra7 16.Ne5 Qa8 17.f4 g6 18.Rc3 Rd8 19.Rg3 Kf8 20.Rg5 Ng8 21.Rg3 Ngf6 22.
Rh3 Nxc5 23.dxc5 Bxc5+ 24.Rf2 Bxg2 25.Rg3 Nh5 26.Re3 Bh1 27.Nf1 Rc7 28.f5 
exf5 29.Ba3 Bxa3 30.Rxa3 Rd4 31.Qb2 Rf4 32.Nf3 Bxf3 33.Raxf3 Rg4+ 34.Ng3 
Kg8 35.Kf1 Nxg3+ 36.hxg3 Qd5 37.Bc2 h5 38.Bb3 Qd4 39.Qa3 h4 40.Re2 Rxg3 
41.Rxg3 Qf4+ 42.Rf2 Qxg3 43.Rg2 Qf4+ 44.Ke2 b4 45.Rxg6+ Kh7 0-1

[Event "9th Lost Boys op"]
[Site "Amsterdam NED"]
[Date "2001.08.19"]
[Round "9"]
[White "Tan, Kevin"]
[Black "Blokhuis, Jeroen"]
[Result "0-1"]
[WhiteElo "2184"]
[BlackElo "2341"]
[EventDate "2001.08.10"]
[PlyCount "80"]

1.e4 c5 2.Nf3 Nc6 3.d4 cxd4 4.Nxd4 Nf6 5.Nc3 d6 6.Be2 e5 7.Nf3 h6 8.O-O 
Be7 9.Re1 O-O 10.h3 Be6 11.Bf1 Nb8 12.Nd5 Nxd5 13.exd5 Bf5 14.c4 Nd7 15.
Be3 a5 16.g4 Bg6 17.Bg2 b6 18.Nd2 Bg5 19.Be4 Nc5 20.Bxg6 fxg6 21.Bxc5 bxc5
22.Ne4 Ra7 23.Qa4 Raf7 24.Re2 Rf4 25.Qc6 Rxe4 26.Rxe4 Qf6 27.Rf1 Qf3 28.
Qxd6 Qxe4 29.Qxc5 Rf3 30.d6 Rxh3 31.Qd5+ Qxd5 32.cxd5 Rd3 33.Re1 Rxd5 34.
Re4 Kf7 35.Rc4 Ke6 36.Rc7 Bf6 37.Ra7 Kxd6 38.Kg2 e4 39.b3 Ke5 40.Kg3 Kd4 
0-1

[Event "9th Lost Boys op"]
[Site "Amsterdam NED"]
[Date "2001.08.19"]
[Round "9"]
[White "Soderberg, Per"]
[Black "Day, Lawrence"]
[Result "1-0"]
[WhiteElo "2264"]
[BlackElo "2367"]
[EventDate "2001.08.10"]
[PlyCount "35"]

1.e4 e5 2.Nf3 Nc6 3.c3 Nf6 4.d4 d6 5.h3 Be7 6.Nbd2 O-O 7.Bd3 Re8 8.O-O Bf8
9.Re1 g6 10.Nf1 h6 11.a4 exd4 12.cxd4 Nb4 13.Bb1 c5 14.Bd2 Nc6 15.Bc3 cxd4
16.Nxd4 d5 17.Ng3 dxe4 18.Nxc6 1-0

[Event "9th Lost Boys op"]
[Site "Amsterdam NED"]
[Date "2001.08.19"]
[Round "9"]
[White "Roebers, Jan"]
[Black "Delafargue, Bertrand"]
[Result "1-0"]
[WhiteElo "2303"]
[BlackElo "2150"]
[EventDate "2001.08.10"]
[PlyCount "113"]

1.e4 c5 2.Nf3 e6 3.b3 b6 4.d4 cxd4 5.Nxd4 Bb7 6.Bd3 d6 7.Nd2 Nf6 8.O-O Be7
9.Bb5+ Kf8 10.Qe2 Qc8 11.Ba3 Nbd7 12.f4 Nc5 13.e5 Nd5 14.Bb2 Nc7 15.exd6 
Bxd6 16.Bc4 Qd7 17.Rad1 a6 18.b4 Na4 19.Ba1 b5 20.Bb3 Nd5 21.c4 Ndc3 22.
Qe3 Bxb4 23.Bxa4 Nxd1 24.Bxd1 Rd8 25.cxb5 axb5 26.N2b3 Bd5 27.Bf3 Bc4 28.
Rd1 Qc7 29.g3 Bd6 30.Kg2 Kg8 31.Nc6 Re8 32.Qd4 Bf8 33.Ne5 Bxb3 34.axb3 
Qc2+ 35.Rd2 Qxb3 36.Nd7 f6 37.Nxf8 Rxf8 38.Bc3 Qc4 39.Qxc4 bxc4 40.Rd7 Rb8
41.Rc7 h5 42.Be4 Rh6 43.Rxc4 e5 44.fxe5 fxe5 45.Bxe5 Re8 46.Bf4 Ra6 47.h4 
Re7 48.Rc8+ Kf7 49.Bd5+ Kg6 50.Bc4 Rb6 51.Rc5 Rb2+ 52.Kh3 Rf2 53.Rg5+ Kh6 
54.Re5+ Rxf4 55.gxf4 Rc7 56.Re6+ g6 57.Bd3 1-0